[Event "RSA-ch U10 Girls"]
[Site "Waterkloof"]
[Date "2015.04.09"]
[Round "9"]
[White "Leite, Kiara"]
[Black "Ahjum, Jordan"]
[Result "0-1"]
[WhiteElo "634"]
[BlackElo "773"]
[PlyCount "36"]
[EventDate "2015.04.04"]
[EventType "swiss"]
[EventRounds "9"]
[EventCountry "RSA"]
[SourceTitle "CBM 166 Extra"]
[Source "ChessBase"]
[SourceDate "2015.06.18"]
[SourceVersion "1"]
[SourceVersionDate "2015.06.18"]
[SourceQuality "1"]

1. e4 e5 2. Nf3 Nc6 3. Bc4 Nf6 4. Nc3 Bc5 5. 0-0 d6 6. h3 Bd7 7. d3 h6 8. Bd2 Qe7 9. a3 0-0-0 10. a4 Ng4 11. hxg4 h5 12. Nh2 hxg4 13. g3 Qf6 14. Qc1 Rh7 15. Bg5 Qg6 16. Bxd8 Qh5 17. Bh4 f6 18. Rd1 g5 0-1

[Event "RSA-ch U10 Girls"]
[Site "Waterkloof"]
[Date "2015.04.06"]
[Round "3"]
[White "Ahjum, Jordan"]
[Black "Van Huyssteen, Thaliya"]
[Result "1-0"]
[WhiteElo "773"]
[BlackElo "858"]
[PlyCount "55"]
[EventDate "2015.04.04"]
[EventType "swiss"]
[EventRounds "9"]
[EventCountry "RSA"]
[SourceTitle "CBM 166 Extra"]
[Source "ChessBase"]
[SourceDate "2015.06.18"]
[SourceVersion "1"]
[SourceVersionDate "2015.06.18"]
[SourceQuality "1"]

1. e4 c5 2. Nf3 d6 3. Nc3 e6 4. Bc4 Nf6 5. d3 Be7 6. Bd2 Nc6 7. Qe2 0-0 8. 0-0-0 a6 9. Rhe1 b5 10. Bb3 Bb7 11. Nd5 exd5 12. Nh4 Nd4 13. Qe3 Ng4 14. Qg3 Bxh4 15. Qxg4 Bxf2 16. Rf1 Bc8 17. Rxf2 Bxg4 18. Rdf1 Ne2+ 19. Kb1 Re8 20. Bxd5 Rc8 21. Bxf7+ Kf8 22. Bxe8+ Kxe8 23. Rf8+ Kd7 24. R1f7+ Qe7 25. Bg5 Qxf7 26. Rxf7+ Ke6 27. Rxg7 Rf8 28. Re7# 1-0